00486nam a2200157Ia 4500003000900000008004100009020001600050040001600066080001700082100001400099245009700113260003900210300001500249650004100264650002300305IN-BaIIA211028s9999 xx 000 0 eng d a480-60769-0 cIIA Library a524.834bBOR aBorn, Max 0aEinstein's theory of relativitycMax Born  aNew YorkbDover Publicationsc1965 avii, 376p. aAstronomy and astrophysics thesaurus aGeneral relativity